000
00301nam a22001457a 4500
008
210310b ||||| |||| 00| 0 eng d
020
_a
2901285437421
041
_a
eng
080
_2
6th
_a
32
082
_2
6th
_a
32
100
_a
21
101
_a
SHP
245
_a
GOVT
_c
Sidlow ,E
942
_2
udc
_c
BK
999
_c
56110
_d
56110